Statistiques concernant Culture Générale - Série 1779

Cliquez ici pour prendre le quiz!

Statistiques générales

  • Ce quiz a été pris 300 fois
  • Le résultat moyen est 6 sur 10

Statistiques - réponses

QuestionRéponse% Correct
De combien d'états se composent les Etats Unis ?50
94%
Quel vent violent souffle souvent sur la côte du Sud de la France ?mistral
87%
De quel pays est originaire la pratique du sauna ?Finlande
82%
Quelle organisation internationale a pour but de promouvoir la coopération policière internationale ?Interpol
72%
Dans quel pays se trouve la ville d'Odessa ?Ukraine
67%
De quel fleuve français le Ciron est-il un affluent ?Garonne
60%
Quelle est la capitale du Belize ?Belmopan
43%
Quel était le prénom du père de Michel Sardou ?Fernand
24%
Quel terme de médecine désigne une femme qui accouche ?parturiente
19%
Quel est le nom de la dame de carreau, dans un jeu de cartes ?Rachel
18%

Distribution des résultats

Percentile par nombre de réponses

% des personnes avec chaque résultat

Votre développement - résultats

Vous n’avez pas pris ce quiz